1905 1845 1832 1058 1880 1606 1490 1037 1350 1474 1747 1016 1922 1398 1598 1923 1093 1407 1599 1742 1937 1385 1198 1243 1179 1138 1420 1597 1717 1736 1466 1817 1426 1486 1691 1505 1576 1054 1313 1322 1014 1419 1615 1776 1010 1647 1170 1037 1689 1623 1752 1006 1017 1101 1358 1823 1884 1807 1257 1831 1094 1746 1942 1862 1307 1009 1612 1385 1076 1960 1911 1807 1023 1293 1195 1549 1602 1555 1077 1174 1901 1442 1199 1141 1315 1712 1883 1020 1132 1186 1438 1618 1029 1585 1589 1491 1943 1001 1762 BCNSPRNW ULIB Ver.6.0+V

เปลี่ยนเป็นภาษาไทย

Change to English
 แสดงรายละเอียดบรรณานุกรม
  กลับหน้าหลัก

Brief Record : Get Marc (ISO 2709) : E-mail record : QR code < ปิดหน้าต่าง
LEADER : 00000nam 2200000uu 4500
001    13399111559
003     ULIB
008    110701s||||||||th 000 0 tha d
050  4 BQ4570^bพ358ค 2549
100 0  พระมหาทองมั่น สุทฺธจิตฺโต
245 10 คู่มือการเจริญสติปัฏฐาน 4 /^cพระมหาทองมั่น สุทฺธจิตฺโต
250    พิมพ์ครั้งที่ 9
260    เชียงใหม่ :^bศูนย์ปฏิบัติธรรม ตาณัง เลณัง เฉลิมราช 60 ปี,^c2549
300    152 หน้า :^bภาพประกอบ ;^c21 ซม.
710 2  ศูนย์ปฏิบัติธรรม ตาณัง เลณัง เฉลิมราช 60 ปี
945    ^p0^l0^i025134
995    ทศพร
999 ^a ใช้งานได้ทุกระบบ
รายการนี้ยังไม่มีแท็ก
คุณยังไม่ได้ล็อกอิน คุณสามารถมีกิจกรรมร่วมกับเว็บไซต์ได้ แต่ต้องล็อกอินก่อน ::
  ล็อกอิน

รายการสื่อสารสนเทศ

ลำดับที่ ประเภท เลขเรียก/บาร์โค้ด สถานที่ สถานะ
- ไม่พบข้อมูล -

BibComment


ยังไม่เคยถูกคอมเมนท์

คอมเมนท์ทรัพยากรรายการนี้
  คอมเมนท์: คู่มือการเจริญสติ..


 Copyright 2026. Bcnsprnw @Library